| 000 | 00389nam a2200133Ia 4500 | ||
|---|---|---|---|
| 008 | 220217s9999||||xx |||||||||||||| ||und|| | ||
| 020 | _a9788184045284 | ||
| 082 | _a006.6 HER | ||
| 100 | _aHerrington, Jack D and Kim Emily | ||
| 245 | 0 | _aGetting Started with Flex 3 | |
| 260 |
_aShroff publishers and distributers _bBangalore _c2008 |
||
| 300 |
_axv;129 _b125 |
||
| 650 | _aMULTIMEDIA | ||
| 999 |
_c184125 _d184125 |
||